000 00520nam a2200181Ia 4500
003 IN-BaIIA
008 211028s9999 xx 000 0 eng d
040 _cIIA Library
080 _a(03):535.33
_bKAY-V
100 _aKayser, H.
_92538
245 0 _aHandbuch der spectroscopie
_bvol. V
_cH. Kayser
260 _aLeipzig
_bVerlag Von S. Hirzel
_c1910
300 _a853p.
650 _aAstronomy and Astrophysics Thesaurus
650 _aHandbooks-Spectroscopy
_92539
650 _aSpectroscopy Handbook
_92540
942 _cBK
999 _c1214
_d1214